Stati per minore popolazione - Asia - Statistics

Statistiche generali
  • Questo quiz è stato fatto 7 volte
  • Il punteggio medio è 8 su 10
Statistiche sulle risposte
Popolazione (ab.) Nazione % Corretto
787 425 Bhutan
100%
542 5214 Brunei
86%
523 757 Maldive
86%
2 716 391 Qatar
86%
1 360 596 Timor Est
86%
2 777 971 Armenia
71%
3 728 282 Georgia
71%
3 447 158 Mongolia
71%
1 485 540 Bahrein
57%
1 260 138 Cipro
57%
Nessun quiz corrispondente trovato
Distribuzione punteggi
Percentuale di utenti per punteggio
Percentile per numero di risposta
I tuoi punteggi nel tempo
Non hai fatto questo quiz